| 000 | 00547nam a22002297a 4500 | ||
|---|---|---|---|
| 005 | 20250219154931.0 | ||
| 008 | 220331b2006 xxu||||| |||| 00| 0 spa d | ||
| 020 | _a9586484629 | ||
| 041 | _aESP | ||
| 082 | _aR 577.03 F845d | ||
| 100 | _aFraume, Néstor Julio | ||
| 245 | _aDiccionario ambiental | ||
| 260 | _aColombia | ||
| 260 | _bEcoe Ediciones | ||
| 260 | _c2006 | ||
| 300 | _a490 páginas | ||
| 650 | _aDICCIONARIOS | ||
| 650 | _aECOLOGÍA | ||
| 650 | _aMEDIO AMBIENTE | ||
| 650 | _aPROTECCIÓN AMBIENTAL | ||
| 942 |
_cREF _2ddc |
||
| 999 |
_c13311 _d13311 |
||